Chile y China: inmigración y relaciones bilaterales. (1845-1970).
Sparad:
| Huvudupphovsman: | |
|---|---|
| Materialtyp: | Bok |
| Språk: | spanska |
| Publicerad: |
Santiago, Chile:
Ediciones de la Dirección de Bibliotecas, Archivos y Museos; Pontificia Universidad Católica de Chile; Instituto de Historia; Centro de Investigaciones Diego Barrios Arana,
2004.
|
| Upplaga: | 1a. edición. |
| Serie: | Colección Sociedad y Cultura, 35.
|
| Ämnen: | |
| Taggar: |
Lägg till en tagg
Inga taggar, Lägg till första taggen!
|
MARC
| LEADER | 00000nam a2200000 a 4500 | ||
|---|---|---|---|
| 001 | UCK3166 | ||
| 003 | CL-VaPUC | ||
| 005 | 20220822114353.0 | ||
| 008 | 050415e20040000CL |||||||||||||||||spa|d | ||
| 999 | |c 312433 |d 312431 | ||
| 020 | |a 956-244-165-2 (título) | ||
| 020 | |a 956-244-1071-0 (colección) | ||
| 040 | |c Pontificia Universidad Católica de Valparaíso | ||
| 082 | 0 | 4 | |a 327.51083 CHO 2004 |2 21 |
| 100 | 0 | |a Chou, Diego Lin |e autor |9 491155 | |
| 245 | 1 | 0 | |a Chile y China: |b inmigración y relaciones bilaterales. (1845-1970). |
| 250 | |a 1a. edición. | ||
| 260 | |a Santiago, Chile: |b Ediciones de la Dirección de Bibliotecas, Archivos y Museos; |b Pontificia Universidad Católica de Chile; |b Instituto de Historia; |b Centro de Investigaciones Diego Barrios Arana, |c 2004. | ||
| 300 | |a 569 páginas. | ||
| 490 | 0 | |a Colección Sociedad y Cultura, 35. | |
| 500 | |a c.2 Donación Familia Prof. Alejandro Guzmán Brito. | ||
| 583 | |a last modification |c 20050415 00:00:00 |k Rodrigo Vera | ||
| 650 | 0 | |a Relaciones Exteriores |9 255379 |z China |z Chile | |
| 650 | 0 | |a Emigración e inmigración |9 257711 | |
| 650 | 0 | |a Tratados internacionales |9 256056 |z China |z Chile | |
| 942 | |c BK |2 ddc |n 0 | ||
| 945 | |d 20050415 00:00:00 |a cmena | ||
| 952 | |0 0 |1 0 |4 0 |6 327_510830000000000_CHO_2004 |7 0 |8 A |9 382802 |a BIBHIS |b BIBHIS |d 2019-11-21 |i 4109708 |l 5 |m 1 |o 327.51083 CHO 2004 |p 4109708 |r 2025-01-20 |s 2024-07-01 |w 2019-11-21 |y BK |k HIS | ||
| 952 | |0 0 |1 0 |2 ddc |4 0 |6 327_510830000000000_CHO_2004 |7 1 |8 C_AGB |9 580387 |a BIBDER |b BIBDER |d 2022-01-11 |e Donación |i 5637066 |o 327.51083 CHO 2004 |p 5637066 |r 2023-01-25 |t 2 |w 2022-01-11 |y BK_US |k AGB | ||